005860000a2200169000450024501240000065000180012465000200014265000240016265000230018665000320020965100190024165300290026004100130028970000190030210000190032177300760034010aTaxonomic and nomenclatorial notes on bats of the genus Clossophaga in North America, with description of a new species14aMurciélagos14aNuevas especies14aMorfología animal14aTaxonomía animal14aDistribución geográfica 4pEstados Unidos gGlossophagaeGlossophaga0 aInglés1 aJones, J. Knox1 aWebster, David1 tOccasional Papers: Museum of Texas Tech University3430h71q1-12d1980